| 000 | 00387nam a2200145Ia 4500 | ||
|---|---|---|---|
| 008 | 240729s9999 xx 000 0 und d | ||
| 022 | _a2296-598X | ||
| 245 | 0 | _aFrontiers in Energy Research | |
| 260 | _aSwitzerland | ||
| 260 | _bFrontiers Media S.A. | ||
| 650 | _aGeneral Works | ||
| 856 | _uhttps://doaj.org/toc/1639f04e3f7849029b3f2908d24c1b24 | ||
| 942 | _2ddc | ||
| 942 | _cDOAJEJ | ||
| 999 |
_c67379 _d67379 |
||
| 945 |
_a1 _bMadushi Gamage _c1 _dMadushi Gamage |
||